Estadísticas para Capitales Mundiales más Calurosas con Excepciones

Haz click aquí para intentar la prueba.

Estadísticas generales

  • Esta prueba ha sido intentada 850 veces
  • La puntuación promedio es 10 de 20

Estadísticas de respuestas

°C°FCapital% Correcto
31,488,5Nueva Delhi
77%
33,391,9Riad
75%
34,594,0Abu Dabi
68%
32,790,9Doha
67%
30,687,1Bagdad
66%
33,391,9Bangkok
61%
34,393,7Kuwait
60%
32,490,3Kuala Lumpur
56%
31,188,0Manila
56%
33,392,0Mascate
51%
31,087,8Singapur
51%
33,892,8Ciudad de Panamá
49%
31,889,2Managua
39%
32,991,2Nom Pen
39%
31,188,0Vientián
38%
32,891,2Puerto Príncipe
37%
31,488,5Kingston
32%
32,590,5Naipyidó
32%
31,388,3Port Moresby
26%
30,787,2Sri Jayawardenapura Kotte
26%

Distribución de puntuación

Porcentaje por número respondido

Porcentaje de gente con cada puntuación

Historial de tus puntuaciones

No has intentado esta prueba.